Social change and modernization : lessons from Eastern Europe /

Bibliographic Details
Other Authors: Grancelli, Bruno, 1943-
Format: Book
Language:English
Published: Berlin ; New York : Walter de Gruyter, 1995.
Series:De Gruyter studies in organization ; 65.
Subjects:

MARC

Tag First Indicator Second Indicator Subfields
LEADER 00000cam a2200000 a 4500
001 in00001275821
005 20151004071034.0
008 950406s1995 gw b 101 0 eng
010 |a  95016611  
020 |a 3110144905 (acid-free paper) 
035 |a (OCoLC)32393033 
035 |9 AGY1480AM 
040 |a DLC  |c DLC  |d WEA  |d TXA  |d UtOrBLW 
043 |a ee----- 
049 |a TXAM 
050 0 0 |a HD70.E7  |b S63 1995 
082 0 0 |a 306.3/6/0947  |2 20 
245 0 0 |a Social change and modernization :  |b lessons from Eastern Europe /  |c editor, Bruno Grancelli. 
264 1 |a Berlin ;  |a New York :  |b Walter de Gruyter,  |c 1995. 
300 |a xi, 313 pages ;  |c 24 cm. 
336 |a text  |b txt  |2 rdacontent 
337 |a unmediated  |b n  |2 rdamedia 
338 |a volume  |b nc  |2 rdacarrier 
490 1 |a De Gruyter studies in organization ;  |v 65 
500 |a Most of the papers were delivered at a workshop held at the University of Trento in Dec. 1993. 
504 |a Includes bibliographical references and indexes. 
505 0 0 |t Introduction. Who should learn what? /  |r Bruno Grancelli -- The actors of change. Contemporary Russian society and its Soviet legacy : the problem of state-dependent workers /  |r Victor Zaslavsky --  |t New entrepreneurs : continuity or change in Russian economy and society? /  |r Cristiano Codagnone --  |t From the communist Nomenklatura to transformational leadership : the role of management in the post-communist enterprises /  |r Andrzej K. Kozminski --  |t Modernizing post-Soviet management : a comparative view /  |r Bruno Grancelli. 
505 0 0 |t Strategies of post-communist transformations : elites as institution-builders /  |r Antoni Z. Kaminski and Joanna Kurczewska --  |t Globalization, retraditionalisation and societal modernisation. Beyond modernization : the retraditionalisation of ex- and post-Yugoslavian society /  |r Carl-Ulrik Schierup --  |t Participation at the firm level in the transformation process (three blank slips of paper and a pigeon feather) /  |r Csaba Makó and Agnes Simonyi --  |t Polish reforms : the fine art of learning and forgetting /  |r Piotr Ploszajski. 
505 0 0 |t Theory, specificity, change : emulation, selective incorporation and modernization /  |r Roland Robertson --  |t Social change and modernisation : lessons for and from Eastern Europe. Cultural and civlizational change : the core of post-communist transition /  |r Piotr Sztompka --  |t Modernization in a millenarian decade : lessons for and from Eastern Europe /  |r Edward A. Tiryakian --  |t From post-communism to post-modernity? Economy and society in Eastern European transformations /  |r Klaus Müller. 
650 0 |a Management  |z Europe, Eastern  |x Congresses. 
650 0 |a Post-communism  |z Europe, Eastern  |v Congresses. 
651 0 |a Europe, Eastern  |x Economic conditions  |y 1989-  |x Congresses. 
651 0 |a Europe, Eastern  |x Social conditions  |y 1989-  |x Congresses. 
700 1 |a Grancelli, Bruno,  |d 1943- 
830 0 |a De Gruyter studies in organization ;  |v 65. 
999 |a MARS 
999 f f |s c270fcce-c42a-3df4-a547-225e82116808  |i cf5d77af-5147-3d24-9465-8b1b50e6ebf3  |t 0 
952 f f |p ric  |a Texas A&M University  |b Rellis Campus  |c Joint Library Facility  |d Remote Storage  |t 0  |e HD70.E7 S63 1995  |h Library of Congress classification  |i unmediated -- volume  |m A14820327592 
998 f f |a HD70.E7 S63 1995  |t 0  |l Remote Storage